[Event "NZL-ch rapid"]
[Site "Wellington"]
[Date "2013.01.12"]
[Round "7"]
[White "Sellen, Ian"]
[Black "Davis, Justin"]
[Result "1-0"]
[WhiteElo "1986"]
[BlackElo "1991"]
[PlyCount "59"]
[EventDate "2013.01.11"]
[EventType "swiss (rapid)"]
[EventRounds "9"]
[EventCountry "NZL"]
[SourceTitle "EXT 2018"]
[Source "ChessBase"]
[SourceDate "2017.10.13"]
[SourceVersion "1"]
[SourceVersionDate "2017.10.13"]
[SourceQuality "1"]

1. c4 c6 2. g3 d5 3. cxd5 cxd5 4. Bg2 e5 5. d4 e4 6. Nc3 Be6 7. Nh3 Nc6 8. Nf4 Nf6 9. 0-0 Qb6 10. Nxe6 fxe6 11. e3 Rd8 12. Qa4 Be7 13. Bh3 e5 14. dxe5 Ng8 15. Be6 d4 16. Nd5 Qc5 17. b4 Qxd5 18. Bxd5 Rxd5 19. exd4 Rxd4 20. a3 a6 21. Be3 Rd7 22. Rac1 Nxe5 23. Rc8+ Bd8 24. Bb6 Nf7 25. Rd1 Nf6 26. Bxd8 Nxd8 27. Rxd7 Nxd7 28. Qd1 Rf8 29. Qd6 h6 30. Qe6# 1-0

[Event "NZL-ch rapid"]
[Site "Wellington"]
[Date "2013.01.11"]
[Round "3"]
[White "Brockway, Andrew"]
[Black "Davis, Justin"]
[Result "0-1"]
[WhiteElo "1658"]
[BlackElo "1991"]
[PlyCount "84"]
[EventDate "2013.01.11"]
[EventType "swiss (rapid)"]
[EventRounds "9"]
[EventCountry "NZL"]
[SourceTitle "EXT 2018"]
[Source "ChessBase"]
[SourceDate "2017.10.13"]
[SourceVersion "1"]
[SourceVersionDate "2017.10.13"]
[SourceQuality "1"]

1. e4 c5 2. Nc3 Nc6 3. f4 e6 4. Nf3 d5 5. exd5 exd5 6. Bb5 Bd6 7. d3 Nge7 8. 0-0 f6 9. Bxc6+ bxc6 10. Qe1 Qc7 11. Ne2 0-0 12. Ng3 Re8 13. Bd2 Bxf4 14. Bxf4 Qxf4 15. Nd2 Qd4+ 16. Kh1 Qxb2 17. Nh5 Qe5 18. Qxe5 fxe5 19. Rae1 Ng6 20. Ng3 Rb8 21. Rb1 Be6 22. c4 Rf8 23. Rxf8+ Rxf8 24. Rb7 Rf2 25. Rb2 Nf4 26. Rb8+ Kf7 27. Nf3 Rxa2 28. Rb7+ Kf6 29. Rb1 Nxd3 30. Rf1 e4 31. Nd4+ Ke5 32. Nxc6+ Kd6 33. Nd8 e3 34. cxd5 Bxd5 35. Nf5+ Kd7 36. Nxe3 Kxd8 37. Nxd5 Kd7 38. h3 Kd6 39. Nc3 Rc2 40. Ne4+ Kd5 41. Ng5 h6 42. Nf3 Rc1 0-1

[Event "NZL-ch rapid"]
[Site "Wellington"]
[Date "2013.01.11"]
[Round "1"]
[White "Wight, Joshua"]
[Black "Davis, Justin"]
[Result "0-1"]
[WhiteElo "1091"]
[BlackElo "1991"]
[PlyCount "46"]
[EventDate "2013.01.11"]
[EventType "swiss (rapid)"]
[EventRounds "9"]
[EventCountry "NZL"]
[SourceTitle "EXT 2018"]
[Source "ChessBase"]
[SourceDate "2017.10.13"]
[SourceVersion "1"]
[SourceVersionDate "2017.10.13"]
[SourceQuality "1"]

1. e4 d5 2. exd5 Nf6 3. Nc3 Nxd5 4. Nxd5 Qxd5 5. d4 Nc6 6. Nf3 Bg4 7. Be3 0-0-0 8. c3 e5 9. Be2 exd4 10. cxd4 Bb4+ 11. Bd2 Bxf3 12. Bxf3 Rhe8+ 13. Kf1 Qc4+ 14. Be2 Qxd4 15. Bxb4 Qxb4 16. Qc2 Nd4 17. Bg4+ f5 18. Bxf5+ Kb8 19. Qb1 Nxf5 20. Qxf5 Qxb2 21. Qb1 Qe2+ 22. Kg1 Rd2 23. h3 Qxf2+ 0-1